| 000 | 00747nam a22002297a 4500 | ||
|---|---|---|---|
| 003 | NISER | ||
| 005 | 20260426164046.0 | ||
| 008 | 260424b |||||||| |||| 00| 0 hin d | ||
| 040 |
_aNISER LIBRARY _beng _cNISER LIBRARY |
||
| 082 | 0 | 4 |
_a535 _bNAN-S |
| 100 | 1 | _aNandi, Soumik | |
| 245 | 1 | 0 | _aStudy of synthetic electric and magnetic fields in third order nonlinear optical process |
| 260 |
_aBhubaneswar : _bNISER, _c2025. |
||
| 300 |
_avii, 100 pages : _billustrations ; _c30 cm. |
||
| 650 | 0 | _aGeometric optics | |
| 650 | 0 | _aNonlinear optics | |
| 650 | 0 | _aElectric fields | |
| 650 | 0 |
_aPhotonics _xQuantum effects |
|
| 700 | 1 |
_aMohapatra, Ashok _eGuide |
|
| 856 | _uhttps://idr.niser.ac.in/jspui/handle/123456789/1509 | ||
| 942 |
_2udc _cTHPHD |
||
| 999 |
_c36862 _d36862 |
||